000 00520nam a2200181Ia 4500
003 GCL
008 140319s9999 xx 000 0 eng d
040 _aGCL /
_cGCL
082 0 4 _a909.09
_bP M
100 1 _aPREISS, REUVEN AMITAL
245 1 0 _aMONGOLS AND MAMLUKS: THE MAMLUK ILKHAID WAR 1260 - 1281 /
_cPREISS, REUVEN AMITAL
260 _a[S.N] :
_bCAMBRIDGE UNIVERSITY PRESS ،
_c1996
300 _a272 P
650 0 4 _aISLAMIC EMPIRE - HISTORY
650 0 4 _aHISTORY
650 0 4 _aWORLD HISTORY
942 _2ddc
_cBK
999 _c13770
_d13770